| 000 | 00650nam a2200229Ia 4500 | ||
|---|---|---|---|
| 003 | OSt | ||
| 005 | 20230509134342.0 | ||
| 008 | 210423s2009 xx 000 0 und d | ||
| 020 | _a978-0-521-13312-8 | ||
| 040 | _cAL | ||
| 041 | _aeng | ||
| 082 | _a512.9434 BLOL | ||
| 100 |
_aBLOWER (Gordon) _9100799 |
||
| 245 | _aRandom matrices: high dimensional phenomena | ||
| 260 |
_aNew York _bCambridge University Press _c2009 |
||
| 300 |
_aviii, 437 _bPB |
||
| 365 |
_b5446.8 _cWIP |
||
| 650 |
_aFoundations of Algebra _9100800 |
||
| 650 |
_aMathematics _9100801 |
||
| 906 | _adimensional ; high ; matrices: ; phenomena ; Random | ||
| 942 |
_2ddc _cBK |
||
| 999 |
_c165636 _d165636 |
||